000 00255nam a2200097Ia 4500
001 1075743
005 20250827002244.0
008 250824s9999 xx 000 0 und d
245 0 _aFUZULİ NE DEMEK İSTEDİ
_cİHSAN FAZLIOĞLU
260 _bKETEBE YAYINLARI
999 _c1075743
_d1075743